00657nam a2200241 a 4500001001300000003000900013005001700022008004100039020000900080082001300089100002500102245001800127260002300145300000900168500003500177505000900212650002300221700002500244902000800269942000700277952011400284999001700398nice12345678IN_TiNIC20260116015252.0050524s1985 dela grp 000 0 urd  ac4000a297bJAF aJafery, Rayees Ahmed aDeen-O-Duniya aDelhibTajcoc1985 a550p aincludes index and biblioraphy2 a550p aIslam-Meccan Trade1 aJafery, Rayees Ahmed bSRS cBK 001040708StackRoom-aHMIbHMId2007-07-27g40.00l0o297 JAFp11000103r2007-07-27v40.00w2005-05-24yBK c18995d18995